|
|
|
|
| LEADER |
00000nam1a2200000 4500 |
| 001 |
675444 |
| 005 |
20241029105852.0 |
| 010 |
|
|
|a 978-5-94178-791-3
|
| 090 |
|
|
|a 675444
|
| 100 |
|
|
|a 20241014d2023 m||y0rusy50 ca
|
| 101 |
0 |
|
|a rus
|
| 102 |
|
|
|a RU
|
| 200 |
1 |
|
|a Методы диагностических исследований и лечебных воздействий
|e учебное пособие
|e в 2 ч.
|f В. А. Устюжанин, Н. В. Хасанова, И. В. Яковлева
|
| 210 |
|
|
|a Старый Оскол
|c ТНТ
|d 2023
|
| 700 |
|
1 |
|a Устюжанин
|b В. А.
|g Валерий Александрович
|
| 701 |
|
1 |
|a Хасанова
|b Н. В.
|g Наталья Вячеславовна
|
| 701 |
|
1 |
|a Яковлева
|b И. В.
|g Ирина Владимировна
|
| 801 |
|
0 |
|a RU
|b 63413507
|c 20241014
|
| 850 |
|
|
|a 63413507
|
| 942 |
|
|
|c BK
|